Chess pieces by movement. - Statistics

General Stats
  • This quiz has been taken 82 times
  • The average score is 6 of 6
Answer Stats
Hint Answer % Correct
Can move in any direction, any length of spaces. Queen
100%
Can move in any direction, 1 space per move. King
97%
Can only move toward opponent's side, 1 space per move, captures 1 space diagonally. Pawn
94%
Can only move diagonally, any length of spaces. Bishop
92%
Can only move in an L shape, 2 spaces horozontally, then 1 space to the side horozontally. Knight
92%
Can only move horozontally, any length of spaces. Rook
90%
No matching quizzes found
Score Distribution
Percent of People with Each Score
Percentile by Number Answered
Your Score History
You have not taken this quiz